La historia como arte

Збережено в:
Бібліографічні деталі
Автор: Gandía, Enrique de (Автор)
Формат: Книга
Мова:Іспанська
Опубліковано: Buenos Aires Argentinas 1944
Серія:Ensayos, 5
Предмети:
Теги: Додати тег
Немає тегів, Будьте першим, хто поставить тег для цього запису!

MARC

LEADER 00000nam a2200000 a 4500
001 UCP8613
003 CL-VaPUC
008 000303e19440000AG |||||||||||||||||spa|d
082 0 4 |a 901  |b GAN  |2 21 
100 |a Gandía, Enrique de  |e author  |9 539979 
245 1 3 |a La historia como arte 
300 |a 224 p 
942 |c BK 
945 |d 20000303 00:00:00  |a rherrera 
260 |a Buenos Aires  |b Argentinas  |c 1944 
650 0 |a Filosofía de la historia  |9 265651 
650 0 |a Ensayos  |9 268724 
650 0 |a Crítica e interpretación   |9 255042 
650 0 |a Historia de América  |9 266076 
651 0 |a América del Sur  |9 260128 
583 |a last modification  |c 20000303 00:00:00  |k Rodrigo Vera 
490 0 |a Ensayos, 5 
999 |c 285504  |d 285502 
952 |0 0  |1 0  |4 0  |6 901_000000000000000_GAN_1944  |7 0  |8 X  |9 330159  |a BIBHIS  |b BIBHIS  |d 2019-11-20  |i 1393359  |o 901 GAN 1944  |p 1393359  |r 2024-01-30  |w 2019-11-20  |y BK_X  |k HIS